[Event "Oban Open"]
[Site "?"]
[Date "2011.11.18"]
[Round "1"]
[White "Holmes, Donald"]
[Black "Birkett, Richard"]
[Result "1/2-1/2"]
[WhiteElo "2263"]
[BlackElo "1999"]
[PlyCount "74"]

1. e4 e5 2. Nf3 Nc6 3. Bb5 a6 4. Ba4 d6 5. Bxc6+ bxc6 6. d4 f6 7. Be3 Ne7 8.
Nc3 Be6 9. Qe2 Qb8 10. O-O-O a5 11. dxe5 dxe5 12. Nd2 Nc8 13. Nb3 Nb6 14. Nc5
Nc4 15. N3a4 Nxe3 16. Qxe3 Bc8 17. Rd3 Bd6 18. Rb3 Qa7 19. Qc3 O-O 20. h4 f5
21. exf5 Rxf5 22. f3 Rf4 23. g3 Rd4 24. Rd1 Rxd1+ 25. Kxd1 Ba6 26. Nxa6 Qxa6
27. Qd3 Qa7 28. Qe3 Qa6 29. Qe2 Qc8 30. a3 Qe6 31. Qe4 Rd8 32. Kc1 Qh3 33. Qe1
Qg2 34. Kb1 Rf8 35. Rd3 Rxf3 36. Rxf3 Qxf3 37. Nc3 h6 1/2-1/2

[Event "Oban Open"]
[Site "?"]
[Date "2011.11.18"]
[Round "1"]
[White "Edward, Ferry"]
[Black "MacQueen, Calum"]
[Result "0-1"]
[WhiteElo "1973"]
[BlackElo "2203"]
[PlyCount "130"]

1. e4 c5 2. Nf3 d6 3. d4 cxd4 4. Nxd4 Nf6 5. Nc3 a6 6. Bc4 g6 7. O-O Bg7 8. Bb3
O-O 9. Kh1 b5 10. f3 Bb7 11. Be3 Nbd7 12. a3 Rc8 13. Qd2 Ne5 14. a4 b4 15. Nd5
Nxd5 16. exd5 Qa5 17. Rad1 Nc4 18. Bxc4 Rxc4 19. b3 Rc7 20. Qf2 Rfc8 21. Nc6
Rxc6 22. dxc6 Rxc6 23. Bd4 e5 24. Bb2 Qc7 25. Rd2 Bh6 26. Re2 a5 27. Qa7 Ba6
28. Qxc7 Rxc7 29. Rfe1 Bxe2 30. Rxe2 f5 31. Kg1 Kf7 32. Kf2 Ke6 33. Ke1 Bg7 34.
Bd4 Rb7 35. Kd2 g5 36. c4 bxc3+ 37. Kxc3 Kd5 38. Be3 f4 39. Bd2 Bf6 40. Re4 Bd8
41. Kc2 Ke6 42. Bc3 Bc7 43. Rc4 Kd7 44. Be1 Bb6 45. Re4 h5 46. h3 Rc7+ 47. Kb2
d5 48. Re2 Kd6 49. Bc3 Re7 50. b4 axb4 51. Bxb4+ Bc5 52. Bxc5+ Kxc5 53. Kc3 e4
54. fxe4 dxe4 55. Rb2 g4 56. Rb5+ Kc6 57. hxg4 hxg4 58. Kd2 e3+ 59. Ke1 Re4 60.
Rg5 f3 61. gxf3 gxf3 62. Rf5 f2+ 63. Ke2 Kb6 64. a5+ Ka6 65. Kf1 e2+ 0-1

[Event "Oban Open"]
[Site "?"]
[Date "2011.11.18"]
[Round "1"]
[White "Grant, Alan"]
[Black "Doyle, James"]
[Result "1-0"]
[WhiteElo "2173"]
[BlackElo "1908"]
[PlyCount "99"]

1. Nf3 Nf6 2. c4 c5 3. Nc3 Nc6 4. g3 e5 5. Bg2 d6 6. d3 Be7 7. a3 O-O 8. O-O
Ne8 9. Rb1 Nc7 10. b4 Ne6 11. e3 Ng5 12. Nxg5 Bxg5 13. b5 Nb8 14. a4 Be7 15.
Nd5 Nd7 16. a5 Nf6 17. Nxf6+ Bxf6 18. a6 Rb8 19. axb7 Bxb7 20. Bb2 Bxg2 21.
Kxg2 d5 22. Ba3 Rc8 23. e4 dxc4 24. dxc4 Qa5 25. Qb3 Rfd8 26. Bb2 Qb6 27. Ra1
Qb7 28. Qf3 Rd2 29. Bc3 Rd7 30. Qf5 Rd3 31. Rxa7 Qb8 32. Ba5 Re8 33. Ra6 Rd4
34. Rc1 Qb7 35. Rc6 Qa8 36. Bb6 Qa3 37. Rc8 Bd8 38. Rf1 Qd3 39. Bxd8 Rdxd8 40.
Rxc5 g6 41. Qf3 Qd4 42. Rc7 Rf8 43. Qe3 Qb2 44. b6 Rd4 45. c5 Rb4 46. Rd1 Qc2
47. Qd3 Qb2 48. Qd2 Qb3 49. Qd5 Qb2 50. b7 1-0

[Event "Oban Open"]
[Site "?"]
[Date "2011.11.18"]
[Round "1"]
[White "Pyrch, George"]
[Black "Sreeves, Clement"]
[Result "0-1"]
[WhiteElo "1908"]
[BlackElo "2148"]
[PlyCount "74"]

1. d4 Nf6 2. c4 g6 3. Nc3 Bg7 4. Nf3 d6 5. Bg5 O-O 6. e3 h6 7. Bh4 c5 8. d5 g5
9. Bg3 Nh5 10. Bd3 f5 11. Nd2 Nxg3 12. hxg3 e6 13. O-O Na6 14. dxe6 Nb4 15. Be2
Bxe6 16. Qb3 a6 17. Nd5 Nxd5 18. cxd5 Bf7 19. a4 Qf6 20. Rab1 Qe5 21. Bc4 b5
22. axb5 axb5 23. Bxb5 Rfb8 24. Qd3 Qxd5 25. Qe2 Rxb5 26. Qxb5 Qxd2 27. Rbd1
Qxb2 28. Qc6 Rd8 29. Rxd6 Rxd6 30. Qxd6 c4 31. Qd8+ Kh7 32. Qc7 Bg8 33. Rd1 Qe5
34. Qc6 c3 35. Rd4 Qe6 36. Rd6 Qc4 37. Qd7 c2 0-1

[Event "Oban Open"]
[Site "?"]
[Date "2011.11.18"]
[Round "1"]
[White "Neave, George"]
[Black "Marks, Ian"]
[Result "1-0"]
[WhiteElo "2126"]
[BlackElo "1884"]
[PlyCount "61"]

1. e4 c5 2. Nf3 d6 3. d4 cxd4 4. Nxd4 Nf6 5. Nc3 g6 6. Be3 a6 7. f3 b5 8. a4 b4
9. Na2 e5 10. Nb3 d5 11. Qd2 dxe4 12. Qxd8+ Kxd8 13. Bg5 Nbd7 14. fxe4 Be7 15.
Bd3 h6 16. Bd2 Bb7 17. Bxb4 Bxe4 18. Bxe4 Nxe4 19. Ba5+ Kc8 20. Nc3 Nxc3 21.
Bxc3 Rb8 22. O-O-O Bb4 23. Rxd7 Bxc3 24. Rxf7 Bb4 25. Rd1 e4 26. Rdd7 e3 27.
Nd4 Bd2+ 28. Kd1 Rxb2 29. Rc7+ Kd8 30. Nc6+ Ke8 31. Rce7# 1-0

[Event "Oban Open"]
[Site "?"]
[Date "2011.11.18"]
[Round "1"]
[White "Schwartz, Julius"]
[Black "McClement, Andrew"]
[Result "0-1"]
[WhiteElo "1876"]
[BlackElo "2111"]
[PlyCount "40"]

1. d4 Nf6 2. c4 e6 3. Nf3 b6 4. a3 Bb7 5. Nc3 d5 6. Bg5 dxc4 7. e3 Be7 8. Bxc4
O-O 9. Qd3 c5 10. O-O-O Nc6 11. h4 Rc8 12. Bxf6 Bxf6 13. Ng5 g6 14. Nxh7 Kxh7
15. h5 Kg7 16. Bxe6 cxd4 17. Bxf7 Ne5 18. Qe2 dxc3 19. b4 Qd2+ 20. Rxd2 cxd2+
0-1

[Event "Oban Open"]
[Site "?"]
[Date "2011.11.18"]
[Round "1"]
[White "Bremner, Adam"]
[Black "Tsang, Sai Kong"]
[Result "1-0"]
[WhiteElo "2068"]
[BlackElo "1823"]
[PlyCount "69"]

1. g3 g6 2. Bg2 Bg7 3. c4 Nf6 4. Nc3 c6 5. e4 d6 6. Nge2 O-O 7. O-O e5 8. d3 a6
9. h3 b5 10. Be3 Nbd7 11. Qd2 Bb7 12. f4 Re8 13. f5 d5 14. cxd5 cxd5 15. Bg5
Qb6+ 16. Kh2 b4 17. Nxd5 Nxd5 18. exd5 a5 19. g4 Qd6 20. Ng3 Bxd5 21. Ne4 Bxe4
22. Bxe4 Nc5 23. Bxa8 Rxa8 24. f6 Bf8 25. Rad1 Rd8 26. Qe3 Ne6 27. Bh4 Qd5 28.
b3 Nf4 29. Qe4 Qb5 30. Bg3 Rd4 31. Qa8 Nxd3 32. Bf2 Rd5 33. Be3 Nf4 34. Rxd5
Qxf1 35. Qxf8+ 1-0

[Event "Oban Open"]
[Site "?"]
[Date "2011.11.18"]
[Round "1"]
[White "Dunlop, Tony"]
[Black "Borwell, Alan"]
[Result "0-1"]
[WhiteElo "1698"]
[BlackElo "2043"]
[PlyCount "97"]

1. f4 d5 2. Nf3 g6 3. g3 c5 4. Bg2 Bg7 5. O-O Nc6 6. c3 d4 7. e4 Nh6 8. Qb3 O-O
9. Na3 a6 10. Qd5 Qb6 11. Ng5 Ng4 12. Nc4 Qa7 13. e5 Bf5 14. Ne4 Be6 15. Qxc5
Qxc5 16. Nxc5 Bxc4 17. d3 Be6 18. Nxb7 Rac8 19. h3 Ngxe5 20. fxe5 Nxe5 21. cxd4
Nxd3 22. Be3 Nb4 23. Bf2 Nc2 24. Rac1 Nxd4 25. Rxc8 Rxc8 26. Rd1 Rc1 27. Rxc1
Ne2+ 28. Kh2 Nxc1 29. Nc5 Bxa2 30. Nxa6 Bxb2 31. Nb4 Bc4 32. Nc6 Bf6 33. Bc5 e6
34. Ba3 Nd3 35. Bd6 Kg7 36. Na5 Bd5 37. Bf1 Ne5 38. g4 Nf3+ 39. Kg3 Be5+ 40.
Bxe5+ Nxe5 41. Kf4 f6 42. h4 Nd7 43. Bb5 e5+ 44. Kg3 Nc5 45. Nc4 Ne4+ 46. Kh3
Bxc4 47. Bxc4 f5 48. Bd5 Nf2+ 49. Kg3 0-1

[Event "Oban Open"]
[Site "?"]
[Date "2011.11.18"]
[Round "1"]
[White "Page, Mark"]
[Black "Thomas, Daniel"]
[Result "1-0"]
[WhiteElo "2023"]
[BlackElo "1549"]
[PlyCount "83"]

1. e4 d5 2. exd5 Qxd5 3. Nc3 Qe5+ 4. Be2 c6 5. Nf3 Qc7 6. d4 Bf5 7. O-O e6 8.
Ne5 Bd6 9. f4 Ne7 10. Bf3 Nd5 11. Ne4 O-O 12. Nxd6 Qxd6 13. g4 Bxc2 14. Qxc2
Nxf4 15. Be3 Nd5 16. Bf2 Nd7 17. Nxd7 Qxd7 18. Rad1 Rfd8 19. Rfe1 Ne7 20. Bg3
Rac8 21. b4 Nd5 22. a3 Qe7 23. Be4 g6 24. Qc1 Nf6 25. Bf3 a5 26. bxa5 Ra8 27.
Be5 Rxa5 28. Qg5 Nd5 29. Qxe7 Nxe7 30. Bc7 Rda8 31. Bxa5 Rxa5 32. Rd3 Kf8 33.
Rb1 b5 34. Rc1 Ra6 35. Rdc3 Ke8 36. Bxc6+ Nxc6 37. Rxc6 Rxa3 38. Rb6 Rd3 39.
Rb7 Rxd4 40. Rc8+ Rd8 41. Rxd8+ Kxd8 42. Rxf7 1-0

[Event "Oban Open"]
[Site "?"]
[Date "2011.11.19"]
[Round "2"]
[White "MacQueen, Calum"]
[Black "Bremner, Adam"]
[Result "1-0"]
[WhiteElo "2203"]
[BlackElo "2068"]
[PlyCount "101"]

1. d4 Nf6 2. c4 e6 3. g3 c5 4. d5 exd5 5. cxd5 d6 6. Nc3 g6 7. Nf3 Bg7 8. Bg2
O-O 9. O-O Nbd7 10. h3 Re8 11. Nd2 Nh5 12. Nc4 Ne5 13. Ne3 f5 14. f4 Nf7 15.
Kh2 Bd7 16. a4 b6 17. Nc4 a6 18. Re1 b5 19. axb5 axb5 20. Rxa8 Qxa8 21. Nb6 Qa7
22. Nxd7 Qxd7 23. e4 b4 24. Nb1 Bd4 25. Be3 Bxb2 26. exf5 Qxf5 27. g4 Qf6 28.
gxh5 Rxe3 29. Rxe3 Qxf4+ 30. Rg3 Be5 31. Qg4 Qxg3+ 32. Qxg3 Bxg3+ 33. Kxg3 Kg7
34. Nd2 Ne5 35. Bf1 Kf6 36. Kf4 gxh5 37. Nc4 Ng6+ 38. Ke4 Ke7 39. Be2 Nf8 40.
Bxh5 Nd7 41. Bf3 Nf6+ 42. Kf5 Ne8 43. h4 Nc7 44. h5 Nb5 45. Kg5 b3 46. Kh6 Nc3
47. Kxh7 Kf6 48. h6 Kf7 49. Nxd6+ Ke7 50. Nc4 Kf7 51. d6 1-0

[Event "Oban Open"]
[Site "?"]
[Date "2011.11.19"]
[Round "2"]
[White "McClement, Andrew"]
[Black "Grant, Alan"]
[Result "1/2-1/2"]
[WhiteElo "2111"]
[BlackElo "2173"]
[PlyCount "43"]

1. Nf3 Nf6 2. c4 b6 3. g3 c5 4. Bg2 Bb7 5. O-O g6 6. Nc3 Bg7 7. d4 cxd4 8. Qxd4
d6 9. Rd1 Nbd7 10. Be3 Rc8 11. Rac1 O-O 12. Qh4 Re8 13. b3 a6 14. Ng5 Bxg2 15.
Kxg2 Qc7 16. Nd5 Qb7 17. Kg1 h6 18. Nxf6+ Nxf6 19. Nf3 Kh7 20. Ng5+ Kg8 21. Nf3
Kh7 22. Ng5+ 1/2-1/2

[Event "Oban Open"]
[Site "?"]
[Date "2011.11.19"]
[Round "2"]
[White "Sreeves, Clement"]
[Black "Page, Mark"]
[Result "1/2-1/2"]
[WhiteElo "2148"]
[BlackElo "2023"]
[PlyCount "41"]

1. e4 e6 2. d4 d5 3. Nd2 Nf6 4. e5 Nfd7 5. Bd3 c5 6. c3 Nc6 7. Ne2 cxd4 8. cxd4
f6 9. exf6 Nxf6 10. O-O Bd6 11. Nf3 Qc7 12. Bg5 O-O 13. Bh4 Nh5 14. Qc2 h6 15.
Bg6 Rxf3 16. Bxh5 Bxh2+ 17. Kh1 Rf5 18. Bg4 Bd6 19. Bxf5 exf5 20. Rfe1 Qf7 21.
Bg3 1/2-1/2

[Event "Oban Open"]
[Site "?"]
[Date "2011.11.19"]
[Round "2"]
[White "Birkett, Richard"]
[Black "Berry, Neil"]
[Result "1-0"]
[WhiteElo "1999"]
[BlackElo "2314"]
[PlyCount "56"]

1. e4 e5 2. Nc3 Nf6 3. g3 d5 4. exd5 Nxd5 5. Bg2 Nxc3 6. bxc3 Bc5 7. Ne2 Nc6 8.
d3 O-O 9. O-O Be6 10. a4 Qd7 11. Ba3 Bxa3 12. Rxa3 Rad8 13. Qc1 b6 14. Qe3 Bd5
15. Bxd5 Qxd5 16. c4 Qd6 17. Rb3 Rfe8 18. Rb5 Qa3 19. Qe4 Re6 20. Rd5 Qxa4 21.
Nc3 Qxc2 22. Nb5 Rf8 23. Rd7 Nd4 24. Nxc7 Rh6 25. Nd5 a5 26. Ne7+ Kh8 27. Ra7
Qe2 28. Ra8 Nf3+ 1-0

[Event "Oban Open"]
[Site "?"]
[Date "2011.11.19"]
[Round "2"]
[White "Minnican, Alan"]
[Black "Holmes, Donald"]
[Result "1/2-1/2"]
[WhiteElo "2046"]
[BlackElo "2263"]
[PlyCount "70"]

1. Nf3 d5 2. c4 d4 3. g3 c5 4. Bg2 Nc6 5. d3 e5 6. e3 Be7 7. O-O Nf6 8. Re1 Nd7
9. a3 a5 10. a4 O-O 11. Na3 f5 12. exd4 cxd4 13. Nb5 Re8 14. b3 Ra6 15. Ra2 Bb4
16. Bd2 Nc5 17. Bg5 Qd7 18. Rf1 f4 19. gxf4 h6 20. Nxe5 Nxe5 21. fxe5 hxg5 22.
Bd5+ Ne6 23. f4 g6 24. f5 gxf5 25. Rxf5 Kg7 26. Raf2 Rf8 27. Qg4 Rxf5 28. Qxf5
Nf4 29. e6 Qe7 30. Nc7 Rxe6 31. Nxe6+ Bxe6 32. Bxe6 Qxe6 33. Rxf4 Qe3+ 34. Rf2
Be1 35. Qf8+ Kg6 1/2-1/2

[Event "Oban Open"]
[Site "?"]
[Date "2011.11.19"]
[Round "2"]
[White "Swan, Iain"]
[Black "Dawson, Alastair"]
[Result "1-0"]
[WhiteElo "2139"]
[BlackElo "1861"]
[PlyCount "69"]

1. e4 c5 2. Nf3 e6 3. Nc3 a6 4. d4 cxd4 5. Nxd4 b5 6. Bd3 Bb7 7. O-O Qc7 8. Qe2
d6 9. Bd2 Nd7 10. a4 b4 11. Na2 a5 12. c3 b3 13. Nc1 Ngf6 14. Ncxb3 Be7 15. Nb5
Qd8 16. f4 e5 17. c4 exf4 18. Rxf4 Ne5 19. N3d4 O-O 20. Nf5 Re8 21. Raf1 Bf8
22. Nh6+ gxh6 23. Rxf6 Re6 24. Rxe6 fxe6 25. b3 Bg7 26. Kh1 Qb6 27. Be3 Qc6 28.
Nd4 Qd7 29. Bc2 Kh8 30. Qh5 Ng6 31. Qh3 Re8 32. Nb5 d5 33. exd5 Qe7 34. Bxg6
hxg6 35. Bxh6 1-0

[Event "Oban Open"]
[Site "?"]
[Date "2011.11.19"]
[Round "2"]
[White "Doyle, James"]
[Black "Rutherford, Elaine"]
[Result "1/2-1/2"]
[WhiteElo "1908"]
[BlackElo "2120"]
[PlyCount "108"]

1. d4 d5 2. Nf3 Nf6 3. c4 c6 4. e3 Bg4 5. Nc3 e6 6. h3 Bxf3 7. Qxf3 Nbd7 8. g4
Nb6 9. cxd5 cxd5 10. Bb5+ Nfd7 11. a4 a6 12. Be2 Rc8 13. O-O Nf6 14. e4 dxe4
15. Nxe4 Nxe4 16. Qxe4 Qd5 17. Bf3 Qxe4 18. Bxe4 Nd5 19. Bxd5 exd5 20. Re1+ Be7
21. Bf4 Kd7 22. Re5 f6 23. Rxd5+ Kc6 24. Ra5 g6 25. Rc1+ Kb6 26. Rac5 Bxc5 27.
dxc5+ Kc6 28. b4 Rhe8 29. Rb1 Re4 30. Be3 Kd5 31. Rd1+ Ke6 32. Rd6+ Ke7 33. Rb6
Rc7 34. c6 Rxc6 35. Rxb7+ Ke6 36. b5 Rd6 37. a5 axb5 38. Rxb5 Re5 39. Rb7 Rxa5
40. Rxh7 Rd7 41. Rh8 Rad5 42. Kg2 Rd8 43. Rh6 Rg8 44. Kg3 Rd1 45. Rh7 Rd7 46.
Rh6 Rb7 47. Kf4 Rgg7 48. Kg3 Rh7 49. Rxg6 Rb3 50. Rg8 Rb1 51. Kg2 Kf7 52. Ra8
Kg6 53. Ra6 Rb5 54. g5 Rf5 1/2-1/2

[Event "Oban Open"]
[Site "?"]
[Date "2011.11.19"]
[Round "2"]
[White "Tsang, Sai Kong"]
[Black "Ferry, Edward"]
[Result "1-0"]
[WhiteElo "1823"]
[BlackElo "1973"]
[PlyCount "57"]

1. d4 Nf6 2. Nf3 e6 3. c4 d5 4. Nc3 c6 5. e3 Nbd7 6. Bd3 dxc4 7. Bxc4 b5 8. Bd3
a6 9. O-O Bb7 10. e4 c5 11. d5 c4 12. dxe6 fxe6 13. Bc2 Qc7 14. Ng5 Nc5 15. Be3
Qc6 16. Qe2 Be7 17. f4 h6 18. Nf3 Ncxe4 19. Nxe4 Nxe4 20. Ne5 Qc7 21. Qh5+ Kd8
22. Rad1+ Kc8 23. Rd7 Qxd7 24. Nxd7 Kxd7 25. Rd1+ Nd6 26. Bc5 Bd5 27. f5 Nxf5
28. Rxd5+ Bd6 29. Bxf5 1-0

[Event "Oban Open"]
[Site "?"]
[Date "2011.11.19"]
[Round "2"]
[White "Marks, Ian"]
[Black "Dunlop, Tony"]
[Result "1-0"]
[WhiteElo "1884"]
[BlackElo "1698"]
[PlyCount "27"]

1. e4 g6 2. d4 Bg7 3. Nc3 c5 4. Nf3 Qc7 5. dxc5 Qxc5 6. Nd5 d6 7. b4 Qc6 8. Bb5
Bxa1 9. Bxc6+ bxc6 10. Nc7+ Kd8 11. Nxa8 Bb7 12. Be3 Bc3+ 13. Kf1 Bxa8 14. Bd4
1-0

[Event "Oban Open"]
[Site "?"]
[Date "2011.11.19"]
[Round "3"]
[White "Neave, George"]
[Black "MacQueen, Calum"]
[Result "0-1"]
[WhiteElo "2126"]
[BlackElo "2203"]
[PlyCount "79"]

1. e4 Nc6 2. Nf3 d6 3. d4 Nf6 4. Nc3 g6 5. h3 Bg7 6. Be3 O-O 7. Qd2 e5 8. O-O-O
exd4 9. Nxd4 Re8 10. Bd3 Bd7 11. f4 a6 12. g4 b5 13. g5 b4 14. Nxc6 Bxc6 15.
gxf6 Qxf6 16. e5 dxe5 17. Ne4 Bxe4 18. Bxe4 Rad8 19. Qxb4 exf4 20. Rxd8 Rxd8
21. Bd2 a5 22. Qa3 Qd4 23. Bd3 f3 24. Bc3 Qe3+ 25. Kb1 Rxd3 26. cxd3 Qxd3+ 27.
Ka1 f2 28. Qxa5 f1=Q+ 29. Rxf1 Qxf1+ 30. Be1 Qe2 31. Qd2 Qc4 32. a3 Bf6 33. Qb4
Qf1 34. Ka2 Qxh3 35. Qb8+ Kg7 36. Bb4 Qe6+ 37. Kb1 c5 38. Ba5 h5 39. Bd2 Qe4+
40. Ka2 0-1

[Event "Oban Open"]
[Site "?"]
[Date "2011.11.19"]
[Round "3"]
[White "Grant, Alan"]
[Black "Sreeves, Clement"]
[Result "0-1"]
[WhiteElo "2173"]
[BlackElo "2148"]
[PlyCount "110"]

1. Nf3 Nf6 2. c4 g6 3. Nc3 Bg7 4. d4 d6 5. e4 O-O 6. Be2 e5 7. O-O Nc6 8. d5
Ne7 9. Bg5 Nh5 10. Ne1 Nf4 11. Nd3 Nxe2+ 12. Qxe2 h6 13. Bd2 g5 14. g4 Ng6 15.
f3 Nf4 16. Nxf4 exf4 17. Nd1 c5 18. Bc3 Bxc3 19. Nxc3 Re8 20. Qd3 Bd7 21. Kg2
Qf6 22. Nd1 Kg7 23. Qc3 b5 24. cxb5 Bxb5 25. Rh1 Rab8 26. h4 Qd4 27. Rc1 Be2
28. b3 Rb4 29. Re1 Bb5 30. Nb2 Qxc3 31. Rxc3 Rd4 32. Rd1 Rxd1 33. Nxd1 h5 34.
gxh5 Rh8 35. hxg5 Rxh5 36. Nb2 Rxg5+ 37. Kf2 Rh5 38. Kg2 Kf6 39. Nc4 Bxc4 40.
Rxc4 Ke5 41. Ra4 f5 42. Rxa7 fxe4 43. Re7+ Kxd5 44. Rxe4 Rh4 45. a4 Kc6 46. Re8
Rh7 47. Rf8 Rb7 48. Rxf4 Rxb3 49. Kf2 Kd5 50. Ke2 c4 51. Kd2 Ra3 52. Rf5+ Kd4
53. Rf4+ Kc5 54. Kc2 Rxa4 55. Kb2 c3+ 0-1

[Event "Oban Open"]
[Site "?"]
[Date "2011.11.19"]
[Round "3"]
[White "Page, Mark"]
[Black "McClement, Andrew"]
[Result "1/2-1/2"]
[WhiteElo "2023"]
[BlackElo "2111"]
[PlyCount "62"]

1. e4 c5 2. Nc3 Nc6 3. g3 g6 4. Bg2 Bg7 5. d3 d6 6. f4 e6 7. Nf3 Nge7 8. O-O
O-O 9. Be3 b6 10. d4 Ba6 11. Re1 Qc7 12. a4 Rfd8 13. Nb5 Qb8 14. c3 Bb7 15.
dxc5 dxc5 16. Qc2 a6 17. Na3 Qc7 18. Rad1 Rxd1 19. Rxd1 Rd8 20. Rxd8+ Nxd8 21.
Qd3 Ndc6 22. Nd2 Bf8 23. Ndc4 Nb8 24. Qd6 Qxd6 25. Nxd6 Bc6 26. b3 Bg7 27. e5
Nd5 28. Bd2 f6 29. c4 Nc7 30. exf6 Bxf6 31. Nc2 a5 1/2-1/2

[Event "Oban Open"]
[Site "?"]
[Date "2011.11.19"]
[Round "3"]
[White "Birkett, Richard"]
[Black "Swan, Iain"]
[Result "1-0"]
[WhiteElo "1999"]
[BlackElo "2139"]
[PlyCount "110"]

1. e4 c5 2. Nc3 e6 3. Nf3 a6 4. Be2 b5 5. O-O Bb7 6. d3 d6 7. a4 b4 8. Nb1 Nc6
9. Re1 Nf6 10. Nbd2 Be7 11. Nc4 d5 12. exd5 exd5 13. Ne3 g6 14. d4 O-O 15. dxc5
Bxc5 16. b3 Re8 17. Bd3 Ne4 18. Ng4 h5 19. Bg5 Qb6 20. Rxe4 hxg4 21. Rxg4 Bxf2+
22. Kf1 Bc8 23. Rf4 Be3 24. Rh4 Bxg5 25. Nxg5 Qe3 26. Nf3 Ne5 27. Nxe5 Rxe5 28.
Qc1 a5 29. Qxe3 Rxe3 30. Kf2 Re5 31. Re1 Rxe1 32. Kxe1 Be6 33. Kd2 Rc8 34. Ke3
Kg7 35. Rf4 Rc3 36. Kd4 Rc7 37. Ke5 Rc3 38. Rf2 Rc6 39. h4 Rc8 40. g3 Rc3 41.
Rd2 Rc6 42. Rg2 f6+ 43. Kd4 Rc3 44. Re2 Kf7 45. Re3 Rc6 46. Re1 Rc3 47. Bxg6+
Kxg6 48. Rxe6 Rxg3 49. h5+ Kf7 50. Rd6 Rg2 51. Rxd5 Ke6 52. Rxa5 Rxc2 53. Rb5
Ra2 54. a5 f5 55. h6 Kf6 1-0

[Event "Oban Open"]
[Site "?"]
[Date "2011.11.19"]
[Round "3"]
[White "Holmes, Donald"]
[Black "Marks, Ian"]
[Result "1-0"]
[WhiteElo "2263"]
[BlackElo "1884"]
[PlyCount "45"]

1. e4 c5 2. Nc3 Nc6 3. g3 g6 4. Bg2 Bg7 5. d3 d6 6. Bg5 Nf6 7. h3 Rb8 8. Nge2
b5 9. a3 a5 10. a4 b4 11. Nb5 O-O 12. c4 Nd7 13. Qd2 Nd4 14. Nexd4 cxd4 15.
Nxd6 Nc5 16. Nxc8 f6 17. Na7 Qb6 18. Nb5 fxg5 19. Qd1 Qf6 20. O-O Ne6 21. e5
Qf5 22. Bd5 Bxe5 23. Qe2 1-0

[Event "Oban Open"]
[Site "?"]
[Date "2011.11.19"]
[Round "3"]
[White "Rutherford, Elaine"]
[Black "Tsang, Sai Kong"]
[Result "0-1"]
[WhiteElo "2120"]
[BlackElo "1823"]
[PlyCount "76"]

1. e4 c5 2. Nc3 Nc6 3. f4 d6 4. Nf3 Nf6 5. Bc4 e6 6. O-O Be7 7. d3 O-O 8. Bd2
a6 9. a4 Nb4 10. Bb3 b6 11. Ne2 Bb7 12. Qe1 a5 13. Ng3 Rc8 14. f5 e5 15. Ne2 c4
16. Bxb4 cxb3 17. Bd2 Rxc2 18. Bc3 Ba6 19. Nc1 Qc7 20. Ra3 Rxc1 21. Qxc1 Bxd3
22. Re1 Nxe4 23. Rxb3 Nc5 24. Bxa5 bxa5 25. Rxd3 Qb6 26. Rde3 Nd3 27. Qc3 Nxe1
28. Qxe1 e4 29. Kh1 d5 30. b3 Bc5 31. Re2 exf3 32. gxf3 Bb4 33. Qa1 d4 34. Qd1
Qf6 35. Qd3 h6 36. Kg2 Rc8 37. Re4 Rc3 38. Qd1 d3 0-1

[Event "Oban Open"]
[Site "?"]
[Date "2011.11.19"]
[Round "3"]
[White "Bremner, Adam"]
[Black "Schwartz, Julius"]
[Result "1/2-1/2"]
[WhiteElo "2068"]
[BlackElo "1876"]
[PlyCount "115"]

1. c4 Nf6 2. g3 g6 3. Bg2 Bg7 4. Nc3 O-O 5. e4 d6 6. Nge2 c5 7. O-O Nc6 8. d3
a6 9. a4 Ne8 10. Be3 Nd4 11. Bxd4 cxd4 12. Nb1 Bg4 13. a5 b5 14. cxb5 axb5 15.
b4 d5 16. h3 Bxe2 17. Qxe2 Qd6 18. Qd2 Nc7 19. Na3 Rab8 20. Rfc1 dxe4 21. Bxe4
Nd5 22. Bxd5 Qxd5 23. Rc5 Qd7 24. Kh2 e5 25. Rac1 f5 26. Qa2+ Kh8 27. Qd5 Qe7
28. Rxb5 e4 29. a6 exd3 30. Rb7 d2 31. Rf1 Qe2 32. Rxb8 Qxf1 33. Rxf8+ Bxf8 34.
Qxd4+ Kg8 35. Qxd2 Qxa6 36. Qd5+ Kh8 37. Qd4+ Kg8 38. Qd5+ Kh8 39. Nc4 Qa7 40.
Qe5+ Kg8 41. Qb2 Bxb4 42. Ne5 Bc3 43. Qb3+ Kg7 44. Nd3 Bf6 45. Qc2 Bd4 46. Qe2
Bf6 47. Nf4 Qb6 48. Kg2 Qb7+ 49. Kh2 Qb6 50. Qf3 Qa7 51. Kg2 Qb6 52. g4 fxg4
53. hxg4 Qd6 54. Qb7+ Qe7 55. Qxe7+ Bxe7 56. Kf3 Bd6 57. Ke4 h6 58. Ng2 1/2-1/2

[Event "Oban Open"]
[Site "?"]
[Date "2011.11.19"]
[Round "3"]
[White "Berry, Neil"]
[Black "Minnican, Alan"]
[Result "1/2-1/2"]
[WhiteElo "2314"]
[BlackElo "2046"]
[PlyCount "36"]

1. Nf3 e6 2. c4 f5 3. g3 Nf6 4. Bg2 Be7 5. O-O O-O 6. d4 d6 7. Nc3 a5 8. b3 Ne4
9. Bb2 Nxc3 10. Bxc3 Qe8 11. Re1 Qh5 12. e4 f4 13. e5 d5 14. Nd2 Qf7 15. Qf3 c6
16. Qxf4 Qxf4 17. gxf4 Rxf4 18. a3 Bd7 1/2-1/2

[Event "Oban Open"]
[Site "?"]
[Date "2011.11.19"]
[Round "3"]
[White "Pyrich, George"]
[Black "Doyle, James"]
[Result "1-0"]
[WhiteElo "1908"]
[BlackElo "1908"]
[PlyCount "61"]

1. d4 Nf6 2. c4 e5 3. dxe5 Ng4 4. Bf4 Nc6 5. Nf3 Bb4+ 6. Nbd2 Qe7 7. e3 Ngxe5
8. Nxe5 Nxe5 9. Be2 O-O 10. O-O Bxd2 11. Qxd2 d6 12. Qc3 Ng6 13. Bg3 Re8 14.
Rfd1 b6 15. Bf3 Rb8 16. Bc6 Rf8 17. b4 Ne5 18. Bxe5 dxe5 19. Rd2 f6 20. Rad1
Kh8 21. c5 Be6 22. Bd5 bxc5 23. bxc5 Bxd5 24. Rxd5 Qe6 25. Qd2 g6 26. h3 Qf5
27. Rd7 Rb1 28. Rxc7 Rfb8 29. Rxb1 Qxb1+ 30. Kh2 Qf5 31. c6 1-0

[Event "Oban Open"]
[Site "?"]
[Date "2011.11.19"]
[Round "3"]
[White "Dawson, Alastair"]
[Black "Thomas, Daniel"]
[Result "1-0"]
[WhiteElo "1861"]
[BlackElo "1549"]
[PlyCount "65"]

1. d4 d5 2. Nf3 Nc6 3. Bf4 f6 4. e3 Bg4 5. Bb5 e6 6. c4 dxc4 7. Nbd2 Bb4 8. Qa4
Bxf3 9. Qxb4 Bxg2 10. Rg1 Kf7 11. Qxc4 Bd5 12. Qc3 a6 13. Bd3 Nce7 14. Qxc7
Qxc7 15. Bxc7 Rc8 16. Bd6 Bxa2 17. Ke2 Bd5 18. e4 Bc6 19. Nc4 Bxe4 20. Bxe4
Rxc4 21. Kd3 b5 22. Rxa6 f5 23. Bf3 Nc8 24. Be5 Nf6 25. b3 Rxd4+ 26. Kxd4 Rd8+
27. Ke3 g6 28. Rc1 Nd7 29. Rc7 Ke7 30. Ra8 Ncb6 31. Bf6+ Kxf6 32. Rxd8 Ke5 33.
Rdxd7 1-0

[Event "Oban Open"]
[Site "?"]
[Date "2011.11.19"]
[Round "3"]
[White "Ferry, Edward"]
[Black "Dunlop, Tony"]
[Result "0-1"]
[WhiteElo "1973"]
[BlackElo "1698"]
[PlyCount "105"]

1. e4 c5 2. Nf3 Nc6 3. d4 cxd4 4. Nxd4 e6 5. Nc3 a6 6. Nxc6 bxc6 7. Bd3 Qc7 8.
O-O Ne7 9. f4 Bb7 10. b3 Ng6 11. Qe2 Bc5+ 12. Kh1 Bd4 13. Bd2 O-O 14. e5 a5 15.
Rad1 f5 16. Na4 Nh4 17. Be1 Ng6 18. Bg3 Ba7 19. c4 c5 20. Nc3 Qc6 21. Bc2 Rac8
22. Rd6 Qc7 23. Rfd1 Bc6 24. Nb5 Qb7 25. Qd2 h5 26. h4 Bb8 27. Rd3 Rf7 28. Qxa5
Bxg2+ 29. Kh2 Nxe5 30. fxe5 f4 31. Be1 Bxe5 32. Qd2 f3+ 33. Kg1 Qb8 34. Qg5 Bf4
35. Qg6 Rf6 36. Qe4 Bh2+ 37. Kf2 Qg3+ 38. Ke3 f2+ 39. Kd2 Bxe4 40. Rxg3 fxe1=Q+
41. Rxe1 Rf2+ 42. Re2 Rxe2+ 43. Kxe2 Bxc2 44. Rg5 g6 45. Rg2 Be5 46. Kd2 Bf5
47. a4 d5 48. Re2 Bf4+ 49. Kc3 d4+ 50. Nxd4 cxd4+ 51. Kxd4 e5+ 52. Kd5 Rb8 53.
Rb2 0-1

[Event "Oban Open"]
[Site "?"]
[Date "2011.11.20"]
[Round "4"]
[White "MacQueen, Calum"]
[Black "Birkett, Richard"]
[Result "1/2-1/2"]
[WhiteElo "2203"]
[BlackElo "1999"]
[PlyCount "87"]

1. d4 d5 2. c4 e6 3. Nf3 Nf6 4. g3 c5 5. cxd5 exd5 6. Bg2 Nc6 7. O-O Be7 8. Nc3
O-O 9. Bg5 c4 10. Ne5 h6 11. Be3 Bf5 12. Qa4 a6 13. Nxc6 bxc6 14. Bf4 Qb6 15.
e4 Nxe4 16. Nxe4 Bxe4 17. Bxe4 dxe4 18. Qxc4 Bf6 19. Rfd1 Rfd8 20. Be3 Qb5 21.
Rac1 Rac8 22. b3 Be7 23. d5 Qxc4 24. Rxc4 cxd5 25. Rxc8 Rxc8 26. Rxd5 Bf6 27.
g4 Rc2 28. Ra5 Rc6 29. Kg2 Kf8 30. Kg3 g5 31. Ra4 Re6 32. Rb4 Be5+ 33. Kg2 Bf4
34. Bc5+ Kg7 35. Bd4+ Kg6 36. Rb7 f6 37. Ra7 Rd6 38. Bc5 Rd2 39. Bf8 f5 40.
Rxa6+ Kf7 41. Bb4 Rc2 42. Kf1 Rc1+ 43. Ke2 Rc2+ 44. Ke1 1/2-1/2